[Event "Krakow"]
[Site "Krakow"]
[Date "1993.??.??"]
[Round "?"]
[White "Kostyra, Stanislaw"]
[Black "Kiselev, Gennady Aleksandrov"]
[Result "0-1"]
[WhiteElo "2375"]
[BlackElo "2435"]
[Annotator "Konikowski,J"]
[PlyCount "72"]
[EventDate "1993.??.??"]
[EventType "game"]
[EventRounds "1"]
[EventCountry "POL"]
[SourceTitle "CBM 038"]
[Source "ChessBase"]
[SourceDate "1994.02.01"]
[SourceVersion "1"]
[SourceVersionDate "1994.02.01"]
[SourceQuality "1"]

1. e4 e5 2. Nf3 Nf6 3. d4 Nxe4 4. Bd3 d5 5. Nxe5 Nd7 6. Nc3 Nef6 $5 $146 (6...
Nxe5 7. dxe5 Nxc3 8. bxc3 $13) 7. O-O Be7 8. Bf4 O-O 9. Qf3 (9. Re1 $5) 9... c6
10. Rfe1 Re8 11. Nxd7 Nxd7 $1 $10 12. Re3 Nf8 13. Rae1 Be6 (13... Bd7 $2 14.
Bc7 $1 Qxc7 15. Rxe7 f6 16. Qh5 $18) 14. Ne2 Qb6 15. b3 Qa5 16. Ng3 Bb4 $1 (
16... Qxa2 $2 17. Nf5 Bb4 18. Nxg7 $1 Bxe1 (18... Kxg7 19. Be5+ $18) 19. Nxe8
Bxf2+ 20. Kxf2 Rxe8 21. Bh6 $18) 17. R1e2 Ng6 18. Nh5 Bf8 19. Be5 $6 (19. c3
$142) 19... Qd8 (19... Qxa2 $2 20. Bxg6 fxg6 (20... hxg6 21. Nf6+ $18) 21. Nf6+
gxf6 22. Qxf6 Re7 23. Qh8+ Kf7 24. Rf3+ Bf5 25. g4 $40) 20. Nf4 (20. Bg3 $5)
20... Nxe5 21. Rxe5 Bd7 22. c4 $2 (22. Rxe8 $142 Bxe8 23. c3 $13) 22... Rxe5
23. dxe5 (23. Rxe5 $2 Bd6 24. Re3 Qc7 $17) 23... dxc4 24. bxc4 (24. Bxc4 $2 Bg4
$1) 24... Qg5 25. Qe4 Qh6 26. Qd4 Bg4 27. Re1 (27. f3 $5) 27... Re8 28. g3 b6
29. Bf1 Bb4 30. Rb1 Bc5 31. Qe4 Rd8 32. h3 Rd4 33. Qc2 Bf3 34. Re1 (34. Bg2
Bxg2 35. Kxg2 Qg5 36. Nd3 (36. Ne2 Rd2 37. Qc1 Qd8 38. Rb2 Rxb2 39. Qxb2 Qd3
$17) 36... Qf5 37. Rd1 Qe4+ 38. Kh2 h5 $17) 34... Rxf4 35. gxf4 Qxf4 36. e6 (
36. Re3 Qg5+ 37. Kh2 Bxe3 38. fxe3 Qxe5+ 39. Kg1 Qxe3+ $19) 36... Qg3+ 0-1

[Event "EU-ch 6th"]
[Site "Warsaw"]
[Date "2005.06.19"]
[Round "2"]
[White "Rublevsky, Sergei"]
[Black "Nijboer, Friso"]
[Result "1/2-1/2"]
[WhiteElo "2645"]
[BlackElo "2553"]
[Annotator "Kortschnoj,V"]
[PlyCount "51"]
[EventDate "2005.06.18"]
[EventType "swiss"]
[EventRounds "13"]
[EventCountry "POL"]
[SourceTitle "CBM 108"]
[Source "ChessBase"]
[SourceDate "2005.09.26"]
[SourceVersion "1"]
[SourceVersionDate "2005.09.26"]
[SourceQuality "1"]

1. e4 {Huzman} e5 2. Nf3 Nf6 3. d4 Nxe4 4. Bd3 d5 5. Nxe5 Nd7 6. Nxd7 Bxd7 7.
O-O Bd6 8. c4 c6 9. cxd5 cxd5 10. Nc3 O-O $5 {This move is a novelty. Most of
the games played before went on:} (10... Nxc3 11. bxc3 O-O 12. Qh5 g6 13. Qxd5
Qc7 14. Qf3 {with some advantage to white.}) 11. Nxd5 Re8 {A pawn has been
sacrificed. As compensation black enjoys already a lead in development.} 12.
Qh5 {The move looks as the most active in the position, but may be, some
modest continuation will be later considered to be the best. Anyhow} (12. Nc3 {
would expose white to a fierce attack after} Qh4 13. g3 Nxg3 14. fxg3 Bxg3 15.
Qc2 Qxd4+ 16. Kg2 Bc7 17. Bxh7+ Kh8 18. Be4 (18. Bf5 Qh4 $1) 18... Rxe4 19.
Nxe4 Bc6 20. Re1 Re8 21. Kf1 Qe5) (12. Ne3 {might lead to the position in the
game.}) ({After} 12. Nf4 Qf6 13. Ne2 Bc6 {black has full compensation for the
pawn.}) ({Probably} 12. Qf3 $5 {(Huzman) is stronger} Qh4 (12... f5 13. Nc3 Rc8
$5 (13... Nxc3 14. bxc3 Qc7 15. c4 $16) 14. Nxe4 fxe4 15. Bxe4 Bxh2+ 16. Kxh2
Qh4+ 17. Kg1 Qxe4 18. Qxe4 Rxe4 19. Be3 Rc2 20. b3 Bc6 $14) 13. g3 Ng5 14. Bxg5
Qxg5 15. Nc3 $16) 12... Bc6 $1 {The point of the previous white move was} (
12... g6 $2 13. Qf3 $1 {with a clear advantage to white.}) 13. Ne3 ({After} 13.
Nc3 g6 14. Qh3 Bd7 15. Qf3 Nxc3 16. bxc3 Qc7 {black would have had the
position from the note to the 10th move of black with an extra move.}) 13... g6
14. Qd1 ({Or} 14. Qe2 Bc7 15. d5 Qd6 16. g3 Bxd5 17. Nxd5 Qxd5 {and black, due
to the threat Ng5, stands somewhat better.}) 14... Qh4 {Black could play the
same way as in the previous comment - 14...Bc7 -, but without the great risk
instead of playing for a draw he tries now to break the defence of the white
king.} 15. g3 Nxg3 16. fxg3 Bxg3 17. Qe2 {The only move.} ({After} 17. Qc2 Rxe3
18. Bxe3 Re8 {white would hardly save the game.}) 17... Rxe3 $6 {Very
optimistic. The main drawback of this move, that black helps white to develop
the queen side pieces. Instead, playing 17...Re7 or 17...Bf4 black could set
to the opponent hardly solvable problems.} 18. Bxe3 Re8 19. Rf2 $2 {A mistake.}
({After} 19. Rf3 $1 Bxf3 20. Qxf3 Qxh2+ 21. Kf1 Rxe3 22. Qxe3 Qh1+ 23. Ke2 Qxa1
24. Qxg3 Qxb2+ 25. Ke3 {white, having a strong passed pawn, stands much better.
}) 19... Qh3 $1 {Threatens with Rxe3 Qxe3 Bxh2+.} 20. Re1 {The only defence.}
Rxe3 21. Qxe3 Bxf2+ 22. Qxf2 Qxd3 23. b3 h6 24. Rf1 Bd5 25. Re1 Bc6 26. Rf1 {
The position of equilibrium. White has some material plus, but due to a
vulnerable location of his king is not able to undertake any offensive
activity.} 1/2-1/2

[Event "Poikovsky Karpov 10th"]
[Site "Poikovsky"]
[Date "2009.06.09"]
[Round "6"]
[White "Sutovsky, Emil"]
[Black "Bologan, Viktor"]
[Result "1-0"]
[WhiteElo "2660"]
[BlackElo "2690"]
[Annotator "Kritz,L"]
[PlyCount "113"]
[EventDate "2009.06.03"]
[EventType "tourn"]
[EventRounds "9"]
[EventCountry "RUS"]
[EventCategory "18"]
[SourceTitle "CBM 131"]
[Source "ChessBase"]
[SourceDate "2009.07.15"]
[SourceVersion "1"]
[SourceVersionDate "2009.07.15"]
[SourceQuality "1"]

1. e4 e5 2. Nf3 Nf6 3. d4 {Diese Variante gewann innerhalb der letzten Jahre
einiges an Popularität, doch es scheint, dass auch hier Schwarz einen klaren
Weg zum Ausgleich gefunden hat. Die Hauptvariante ist 3.Nxe5} (3. Nc3 Nc6 {
führt in das Vierspringerspiel über, was aus meiner Ansicht heutzutage
vielleicht die beste Möglichkeit ist, gegen Russisch zu kämpfen.}) 3... Nxe4 (
3... exd4 4. e5 Ne4 5. Qxd4 d5 6. exd6 Nxd6 7. Nc3 Nc6 8. Qf4 $14 {Weiß hat
kleinen Vorteil, weil seine Dame auf f4 unantastbar steht, der schwarze
Springer auf d6 dagegen die schwarze Entwicklung stört.}) 4. Bd3 d5 5. dxe5 $5
{Lange Zeit blieb diese Variante im Schatten, obwohl Weiß großartige
Ergebnisse erzielt hat. Heute wird sie immer öfters gespielt.} (5. Nxe5 Nd7 6.
O-O ({Wie schon lange bekannt, bringt} 6. Nxd7 Bxd7 7. O-O Bd6 {auch nichts} 8.
c4 (8. Nc3 Nxc3 9. bxc3 O-O 10. Qh5 f5 11. Re1 Qf6 $11 {Korneev - Khenkin 
(Dresden, 2007)}) 8... c6 9. cxd5 cxd5 10. Nc3 Nxc3 11. bxc3 O-O 12. Qh5 g6 13.
Qxd5 Qc7 $11 {Fast alle Partien innerhalb der letzten Jahre endeten in dieser
Variante Remis.}) 6... Nxe5 7. dxe5 Nc5 8. f4 (8. Nc3 c6 9. Ne2 Be7 10. f4 f6
11. Be3 Nxd3 12. Qxd3 O-O $11 {Mamedyarov - Kramnik (Wijk aan Zee, 2008).
Offensichtlich hat Schwarz nichts zu befürchten.}) 8... g6 {Es ist gut für
Schwarz mit dem Tausch auf d3 abzuwarten, nicht dass Weiß mittels Angriff auf
den Bauern d5 Zeit für seine Entwicklung gewinnt.} (8... Nxd3 9. Qxd3 g6 10.
Nc3 c6 11. Ne2 $14) 9. Be3 (9. f5 $2 Nxd3 10. Qxd3 Bxf5 11. Rxf5 gxf5 12. Qxf5
Qd7 $19) 9... Be7 10. Be2 O-O 11. Kh1 (11. Nd2 f5 $132 {Das ist nämlich die
Idee von Schwarz - nachdem er f5 durchsetzt, hat Weiß kein Spiel mehr und die
schwarzen Figuren nehmen aktive Stellungen ein.}) 11... f6 $1 {und Schwarz
glich aus in Kamsky - Gelfand (Moscow, 2008)}) 5... Be7 (5... Nc5 {ist
ebenfalls eine solide Verteidigung.} 6. Nc3 c6 7. Nd4 Be7 8. O-O O-O 9. f4 Nxd3
10. Qxd3 f5 11. Nb3 Na6 12. Be3 Nc7 $132 {Navara - Kramnik (Prague, 2008)}) (
5... Nc6 6. O-O Bg4 (6... Be7 7. Nc3 Nxc3 8. bxc3 O-O 9. Re1 Bg4 10. h3 Bh5 11.
Rb1 Rb8 12. Rb5 $36 {Areshchenko - Roussel Roozmon (Reykjavik, 2009)}) 7. Nc3 (
7. h3 $6 {eine unglückliche Neuerung} Bxf3 8. gxf3 Nc5 9. f4 Qh4 10. Nc3 O-O-O
11. Bf5+ Kb8 12. Qg4 Nd4 13. Rd1 h5 14. Qxh4 Nf3+ 15. Kf1 Nxh4 16. Bd3 Be7 $15
{Sutovsky - Motylev (Poikovsky, 2009)}) (7. Bf4 Bc5 8. Nc3 Nxc3 9. bxc3 Qd7 10.
h3 Bh5 11. Re1 O-O-O 12. a4 Bb6 13. Qe2 Na5 14. Be3 Kb8 15. Bxb6 axb6 $132 {
Movsesian - Naumann (Baden Baden, 2009)}) 7... Nxc3 8. bxc3 Bc5 9. Re1 O-O 10.
h3 Bh5 11. Rb1 b6 12. Bf5 Kh8 13. g4 Bg6 14. Bxg6 fxg6 $132 {Bacrot - Wang Yue
(Baku, 2008)}) 6. O-O O-O 7. c4 (7. Nc3 Nxc3 8. bxc3 c5 9. c4 dxc4 10. Bxc4
Qxd1 11. Rxd1 Nc6 12. Bd5 Be6 13. Bxc6 bxc6 14. Bg5 Bxg5 15. Nxg5 Bd5 $11 {
und Schwarz hatte keine Schwierigkeiten in Radjabov - Wang Yue(Nice, 2009)})
7... Nc6 ({Sehr schlecht ist} 7... Nc5 $2 8. cxd5 Qxd5 $4 9. Bxh7+ $18) 8. Bc2
(8. cxd5 $5 Qxd5 9. Qc2 Nb4 10. Bxe4 Nxc2 11. Bxd5 Bf5 12. Nc3 Nxa1 13. Nd4 Bg6
14. Bxb7 Rab8 15. Bd5 Nc2 16. Nc6 Rbe8 17. a3 $44 {Weiß hatte großartige
Kompensation in Zhang Pengxiang - Citak (Kemer, 2007)}) 8... Nb4 9. cxd5 Nxc2
10. Qxc2 Qxd5 11. Re1 $1 $146 {Eine gute Neuerung! In der Vorgängerpartie
wurde 11.Rd1 gespielt.} (11. Rd1 Qc6 12. Qxc6 bxc6 13. Be3 c5 14. Nbd2 Nxd2 15.
Nxd2 Be6 16. Rdc1 Rfd8 17. Nb3 Bxb3 18. axb3 Rd5 $132 {Jakovenko - Harikrishna
(Dagomys, 2008)}) 11... Nc5 (11... Bf5 $6 {bietet sich zwar an, führt jedoch
zu großen Schwierigkeiten:} 12. Nc3 $1 Nxc3 (12... Qc6 $4 13. Nd4 Nxc3 14. Qxf5
$18) 13. Qxf5 g6 (13... Nxa2 14. Bg5 Bxg5 15. Nxg5 g6 16. Qh3 h5 17. Qa3 $18)
14. Qg4 (14. Qc2 Nxa2 (14... Nb5 15. Rd1 Qc5 16. Qxc5 Bxc5 17. a4 $18) 15. Bd2
Nb4 16. Qxc7 Rfe8 $11) 14... h5 15. Qf4 Nxa2 16. Bd2 c5 17. Qh6 $1 $18 {
/\Ng5/Bg5}) 12. Bg5 $1 {Die Idee von Weiß ist es, so schnell wie möglich die
Entwicklung zu vollenden und das Zentrum zu okkupieren.} Qd8 (12... Bxg5 $6 13.
Nxg5 g6 14. Nc3 Qc4 15. b3 Bf5 16. Qc1 Qd4 17. Nf3 Qd7 18. Qh6 $16) 13. Bxe7
Qxe7 14. Nc3 Rd8 15. Rad1 Rxd1 16. Rxd1 Be6 17. Qd2 Nd7 $6 {Hier und im
weiteren Verlauf spielt Schwarz zu passiv.} (17... Bg4 $2 18. Nd5 Qd7 (18...
Qd8 19. Nf6+ gxf6 20. Qxd8+ Rxd8 21. Rxd8+ $18) 19. Qg5 Bxf3 20. Nf6+ Kh8 21.
Rxd7 $18) (17... a5 $5 18. Nd4 h6 19. f4 Re8 20. Qe2 c6 21. f5 Bc8 22. Re1 Rd8
$132) 18. h3 h6 19. Qe3 {Weiß hat klaren Vorteil, weil seine Figuren alle
Zentrumsfelder kontrollieren.} Nb6 20. b3 (20. Qd3 $5 Qb4 21. b3 $14 {Jetzt
kann Schwarz die Türme nicht tauschen.}) 20... Rd8 21. Rxd8+ Qxd8 22. Nd4 Bc8
$6 (22... Nd5 $5 {Ich denke, Schwarz konnte auf diese Art Remis halten.} 23.
Nxe6 fxe6 24. Nxd5 exd5 $1 (24... Qxd5 25. Qxa7 Qxe5 26. Qb8+ Kh7 27. Qxb7 Qe1+
28. Kh2 Qxf2 29. Qe4+ Kh8 30. a4 $14 {Der entfernte Freibauer gibt Weiß gute
Gewinnchancen.}) 25. e6 $1 (25. Qxa7 d4 26. Kf1 d3 27. Ke1 Qd5 $11) 25... Qe7
26. Qe5 c6 27. f4 $14 {Weiß hat einen kleinen Vorteil, aber das Endspiel muss
haltbar sein.}) 23. Qe4 c5 $6 {Dieser Bauernzug schwächt zu viele Felder im
schwarzen Lager.} (23... c6 $5 $14) 24. Nf3 $1 {Das Feld d2 muss unter
Kontrolle genommen werden.} (24. Ndb5 $2 Qd2 $132) 24... a6 25. Qe3 {Hier
sieht man die Folgen des Zuges ...c5.} c4 26. Ne4 cxb3 27. axb3 Be6 28. Nd4 {
Die weißen Springer dominieren im Zentrum und sind bereit, jeder Zeit auf
beide Flügel zu reiten.} Nd5 29. Qg3 Qc7 30. Nd6 b5 31. Ne8 Qc1+ 32. Kh2 Qg5
33. h4 Qxg3+ 34. Kxg3 {Es sieht so aus, als ob Schwarz sich erlöst hat. Doch
in Wirklichkeit ist das Endspiel sehr schwer zu halten, weil die weißen
Figuren viel aktiver sind als die schwarzen.} Bd7 $2 (34... Kf8 $1 {Man muss
natürlich den König ins Zentrum bringen.} 35. Nd6 Nb4 36. Nb7 Nd3 37. Nxe6+
fxe6 38. f4 Ke7 39. Kf3 $14) 35. Nd6 g6 $2 {Vielleicht war Bologan im Zeitnot.
Es ist offensichtlich, dass der beste Weg, dieses Endspiel zu verteidigen, der
Marsch des schwarzen Königs war.} (35... Kf8 $1) 36. Nb7 Kf8 37. Nc5 Bc8 38.
Nc6 $16 {Nun kann sich Schwarz nicht mehr wirklich befreien.} Nc7 (38... Ne7
39. Na7 (39. Nxe7 $2 Kxe7 40. b4 Kd8 41. Kf4 Kc7 42. Ke3 Kb6 43. Nb3 Be6 44.
Na5 Bd5 45. f3 Be6 $11) 39... Be6 40. b4 Nf5+ 41. Kg4 Nd4+ 42. Kf4 $16) 39. b4
Ke8 40. h5 gxh5 41. Kh4 Ne6 42. Nxe6 Bxe6 43. f3 Bd5 44. Nd4 $1 $18 {Das
Endspiel ist verloren, Schwarz kann nichts mehr machen.} Ke7 45. Kxh5 a5 46.
bxa5 b4 47. a6 f6 48. Nf5+ Ke6 49. Ne3 Bc6 50. Nc2 fxe5 51. Nxb4 Ba8 52. Kxh6
Kd6 53. g4 Bxf3 54. g5 e4 55. g6 e3 56. g7 Bd5 57. a7 1-0